00527nam a2200169Ia 4500008004100000040001900041041001200060082003200072245006500104260006000169300001700229504002600246650002300272651002300295700002100318850001800339131103s9999 xx 000 0 und d aLoreto College aEnglish a954/CHObLCLIB(Press)/23747 4aThe gazetteer of Indiab Indian union cEdited by P N Chopra aIndiabMinistry of educational and Social welfarec1973 aV.2 c 24cm. aV.2 history & culture aGazetteers - India aIndia - Gazetteers aChopra, P N; ed. aLCLIB/954/CHO